| 000 | 00632nam a2200217 a 4500 | ||
|---|---|---|---|
| 999 |
_c2282 _d2282 |
||
| 003 | PK-NaQUE | ||
| 005 | 20251119084803.0 | ||
| 008 | 251119b ||||| |||| 00| 0 eng d | ||
| 020 | _a0803114869 (paperback) | ||
| 020 | _a9780803114869 (paperback) | ||
| 040 | _cQUEST | ||
| 100 | _aYantis, June E. | ||
| 245 | 1 | 4 | _aThe Role of Sensory Analysis in Quality Control / |
| 260 |
_a[S.l.] : _bAstm Intl, _c1992. |
||
| 300 | _a56 p. ; | ||
| 650 | _aEngineering inspection | ||
| 650 | _aQuality control | ||
| 650 | _aSensory evaluation | ||
| 856 | 4 | 0 |
_uhttp://10.10.170.122:8080/browse/book/28907 _yDownload eBook |
| 942 |
_cBK _2ddc |
||